[Event "DEM U18w 2024"]
[Site "Willingen GER"]
[Date "2024.05.24"]
[Round "8"]
[White "Hellenbroich, Helene"]
[Black "Wagner, Margarethe"]
[Result "1/2-1/2"]
[Termination "normal"]
[Board "8"]
[WhiteElo "1640"]
[BlackElo "2009"]
[WhiteClock "00:26:53"]
[BlackClock "00:19:30"]
[PlyCount "82"]
[WhiteFideId "16270754"]
[BlackFideId "16236947"]
[EventCountry "GER"]
[EventRounds "9"]
[EventType "swiss"]
[EventDate "2024.05.18"]

1. d4 {[%clk 01:30:46]} {[%emt 00:00:14]} d5 {[%clk 01:30:54]} {[%emt
00:00:06]} 2. Bf4 {[%clk 01:30:57]} {[%emt 00:00:19]} Nf6 {[%clk 01:31:01]}
{[%emt 00:00:22]} 3. Nf3 {[%clk 01:30:41]} {[%emt 00:00:45]} e6 {[%clk
01:31:06]} {[%emt 00:00:26]} 4. e3 {[%clk 01:30:50]} {[%emt 00:00:22]} Bd6
{[%clk 01:30:53]} {[%emt 00:00:42]} 5. Bg3 {[%clk 01:30:38]} {[%emt 00:00:42]}
O-O {[%clk 01:29:10]} {[%emt 00:02:12]} 6. Bd3 {[%clk 01:25:27]} {[%emt
00:05:42]} c5 {[%clk 01:28:55]} {[%emt 00:00:46]} 7. c3 {[%clk 01:24:49]}
{[%emt 00:01:07]} Qc7 {[%clk 01:27:21]} {[%emt 00:02:05]} 8. Ne5 {[%clk
01:20:10]} {[%emt 00:05:09]} b6 {[%clk 01:14:10]} {[%emt 00:13:41]} 9. f4
{[%emt 00:02:42]} Nbd7 {[%clk 01:06:32]} {[%emt 00:08:08]} 10. Nd2 {[%clk
01:16:01]} {[%emt 00:02:26]} Bb7 {[%clk 01:04:06]} {[%emt 00:02:57]} 11. Qf3
{[%clk 01:13:55]} {[%emt 00:02:35]} a6 {[%clk 00:59:54]} {[%emt 00:04:42]} 12.
O-O {[%clk 01:12:24]} {[%emt 00:02:01]} b5 {[%clk 00:59:25]} {[%emt 00:01:00]}
13. Bh4 {[%clk 01:08:07]} {[%emt 00:04:46]} b4 {[%clk 00:39:02]} {[%emt
00:20:53]} 14. Rfc1 {[%clk 00:57:18]} {[%emt 00:11:20]} c4 {[%clk 00:36:08]}
{[%emt 00:03:24]} 15. Bc2 {[%clk 00:56:51]} {[%emt 00:00:56]} a5 {[%clk
00:28:04]} {[%emt 00:08:34]} 16. a3 {[%clk 00:52:51]} {[%emt 00:04:30]} b3
{[%clk 00:25:07]} {[%emt 00:03:27]} 17. Bb1 {[%clk 00:38:14]} {[%emt 00:15:08]}
g6 {[%clk 00:24:30]} {[%emt 00:01:06]} 18. g4 {[%clk 00:36:26]} {[%emt
00:02:17]} Ne8 {[%clk 00:16:00]} {[%emt 00:09:00]} 19. g5 {[%clk 00:35:10]}
{[%emt 00:01:46]} Nxe5 {[%clk 00:10:08]} {[%emt 00:06:23]} 20. fxe5 {[%clk
00:34:26]} {[%emt 00:01:14]} Be7 {[%clk 00:10:33]} {[%emt 00:00:05]} 21. Qg3
{[%clk 00:31:15]} {[%emt 00:03:40]} Ng7 {[%clk 00:09:54]} {[%emt 00:01:10]} 22.
Nf3 {[%clk 00:29:45]} {[%emt 00:01:59]} Qd8 {[%clk 00:09:52]} {[%emt 00:00:33]}
23. Kh1 {[%clk 00:25:03]} {[%emt 00:05:12]} Rb8 {[%clk 00:08:55]} {[%emt
00:01:27]} 24. Rg1 {[%clk 00:21:06]} {[%emt 00:04:27]} Ne8 {[%clk 00:07:40]}
{[%emt 00:01:46]} 25. Qe1 {[%clk 00:16:55]} {[%emt 00:04:41]} Nc7 {[%clk
00:07:47]} {[%emt 00:00:23]} 26. Bf2 {[%clk 00:16:35]} {[%emt 00:00:49]} Na8
{[%clk 00:05:07]} {[%emt 00:03:11]} 27. h4 {[%clk 00:15:53]} {[%emt 00:01:11]}
Nb6 {[%clk 00:05:30]} {[%emt 00:00:07]} 28. Qe2 {[%clk 00:10:41]} {[%emt
00:05:42]} Na4 {[%clk 00:05:45]} {[%emt 00:00:15]} 29. Nh2 {[%clk 00:09:10]}
{[%emt 00:02:01]} Kg7 {[%clk 00:04:05]} {[%emt 00:02:10]} 30. Ng4 {[%clk
00:08:25]} {[%emt 00:01:15]} Rh8 {[%clk 00:03:33]} {[%emt 00:01:02]} 31. Nh6
{[%clk 00:04:55]} {[%emt 00:04:00]} Bc6 {[%clk 00:03:22]} {[%emt 00:00:41]} 32.
Be1 {[%clk 00:04:41]} {[%emt 00:00:44]} Be8 {[%clk 00:02:52]} {[%emt 00:00:59]}
33. Qf2 {[%clk 00:04:32]} {[%emt 00:00:40]} Rf8 {[%clk 00:02:43]} {[%emt
00:00:38]} 34. Ng4 {[%clk 00:01:41]} {[%emt 00:03:22]} Rb7 {[%clk 00:01:51]}
{[%emt 00:01:22]} 35. Qh2 {[%clk 00:01:03]} {[%emt 00:01:08]} Rh8 {[%clk
00:01:52]} {[%emt 00:00:29]} 36. Qf2 {[%clk 00:00:37]} {[%emt 00:00:56]} Rc7
{[%clk 00:01:14]} {[%emt 00:01:08]} 37. Rf1 {[%clk 00:00:42]} {[%emt 00:00:25]}
Rf8 {[%clk 00:01:15]} {[%emt 00:00:29]} 38. Rg1 {[%clk 00:00:52]} {[%emt
00:00:19]} Rb7 {[%clk 00:01:19]} {[%emt 00:00:27]} 39. Qh2 {[%clk 00:00:53]}
{[%emt 00:00:29]} Rh8 {[%clk 00:01:12]} {[%emt 00:00:36]} 40. Qf2 {[%clk
00:01:05]} {[%emt 00:00:19]} Nb6 {[%clk 00:01:01]} {[%emt 00:00:41]} 41. Rf1
{[%clk 00:26:53]} {[%emt 00:04:42]} Na4 {[%clk 00:19:30]} {[%emt 00:12:02]}
1/2-1/2

[Event "DEM U18w 2024"]
[Site "Willingen GER"]
[Date "2024.05.24"]
[Round "8"]
[White "Köpnick, Amanda"]
[Black "Kanno, Clara Yumi"]
[Result "1-0"]
[Termination "normal"]
[Board "9"]
[WhiteElo "1636"]
[BlackElo "1736"]
[WhiteClock "00:02:46"]
[BlackClock "00:09:01"]
[PlyCount "81"]
[WhiteFideId "34618538"]
[BlackFideId "16259661"]
[EventCountry "GER"]
[EventRounds "9"]
[EventType "swiss"]
[EventDate "2024.05.18"]

1. e4 {[%clk 01:30:58]} {[%emt 00:00:02]} e5 {[%clk 01:30:47]} {[%emt
00:00:14]} 2. Nf3 {[%clk 01:31:22]} {[%emt 00:00:05]} Nf6 {[%clk 01:31:11]}
{[%emt 00:00:06]} 3. Nc3 {[%clk 01:31:39]} {[%emt 00:00:13]} Bb4 {[%clk
01:31:03]} {[%emt 00:00:38]} 4. d3 {[%clk 01:31:27]} {[%emt 00:00:42]} Bxc3+
{[%clk 01:30:02]} {[%emt 00:01:33]} 5. bxc3 {[%clk 01:31:42]} {[%emt 00:00:14]}
d6 {[%clk 01:29:50]} {[%emt 00:00:41]} 6. Bg5 {[%clk 01:28:09]} {[%emt
00:04:04]} h6 {[%clk 01:27:15]} {[%emt 00:03:05]} 7. Bc1 {[%clk 01:24:21]}
{[%emt 00:04:18]} c6 {[%clk 01:25:14]} {[%emt 00:02:31]} 8. Be2 {[%clk
01:20:43]} {[%emt 00:04:07]} Be6 {[%clk 01:23:24]} {[%emt 00:02:19]} 9. O-O
{[%clk 01:17:25]} {[%emt 00:03:50]} Nbd7 {[%clk 01:22:08]} {[%emt 00:01:46]}
10. c4 {[%clk 01:14:58]} {[%emt 00:02:56]} O-O {[%clk 01:18:28]} {[%emt
00:04:10]} 11. Bb2 {[%clk 01:14:26]} {[%emt 00:01:02]} Re8 {[%clk 01:14:40]}
{[%emt 00:04:18]} 12. c3 {[%clk 01:09:02]} {[%emt 00:05:55]} Nc5 {[%clk
01:06:17]} {[%emt 00:08:52]} 13. Ba3 {[%clk 01:07:35]} {[%emt 00:01:58]} Qa5
{[%clk 01:02:37]} {[%emt 00:04:07]} 14. Bb4 {[%clk 01:05:48]} {[%emt 00:02:19]}
Qb6 {[%clk 01:00:43]} {[%emt 00:02:23]} 15. Bxc5 {[%clk 01:01:33]} {[%emt
00:04:47]} Qxc5 {[%clk 00:59:44]} {[%emt 00:01:28]} 16. Qc2 {[%clk 00:55:34]}
{[%emt 00:06:29]} Qb6 {[%clk 00:55:39]} {[%emt 00:04:33]} 17. d4 {[%clk
00:50:58]} {[%emt 00:05:09]} Bg4 {[%clk 00:51:50]} {[%emt 00:04:18]} 18. Rfb1
{[%clk 00:44:31]} {[%emt 00:06:58]} Qc7 {[%clk 00:50:36]} {[%emt 00:01:41]} 19.
d5 {[%clk 00:42:49]} {[%emt 00:02:14]} c5 {[%clk 00:44:25]} {[%emt 00:06:41]}
20. Rb2 {[%clk 00:41:11]} {[%emt 00:02:09]} Re7 {[%clk 00:42:35]} {[%emt
00:02:20]} 21. Rab1 {[%clk 00:40:34]} {[%emt 00:01:07]} Rb8 {[%clk 00:42:32]}
{[%emt 00:00:33]} 22. Nh4 {[%clk 00:38:56]} {[%emt 00:02:06]} Bd7 {[%clk
00:41:22]} {[%emt 00:01:38]} 23. h3 {[%clk 00:36:04]} {[%emt 00:03:24]} Qc8
{[%clk 00:39:03]} {[%emt 00:02:50]} 24. Kh2 {[%clk 00:29:02]} {[%emt 00:07:32]}
Re8 {[%clk 00:36:20]} {[%emt 00:03:14]} 25. Nf3 {[%clk 00:24:02]} {[%emt
00:05:29]} Nh5 {[%clk 00:33:18]} {[%emt 00:03:30]} 26. Ng1 {[%clk 00:21:03]}
{[%emt 00:03:31]} Nf4 {[%clk 00:32:05]} {[%emt 00:01:42]} 27. Bf3 {[%clk
00:19:40]} {[%emt 00:01:54]} f5 {[%clk 00:30:43]} {[%emt 00:01:52]} 28. g3
{[%clk 00:17:16]} {[%emt 00:02:54]} Ng6 {[%clk 00:29:32]} {[%emt 00:01:41]} 29.
exf5 {[%clk 00:16:34]} {[%emt 00:01:13]} Bxf5 {[%clk 00:28:23]} {[%emt
00:01:39]} 30. Be4 {[%clk 00:16:48]} {[%emt 00:00:15]} Bxe4 {[%clk 00:28:00]}
{[%emt 00:00:53]} 31. Qxe4 {[%clk 00:17:08]} {[%emt 00:00:09]} Nf8 {[%clk
00:27:18]} {[%emt 00:01:12]} 32. Nf3 {[%clk 00:15:32]} {[%emt 00:02:06]} b6
{[%clk 00:23:41]} {[%emt 00:04:08]} 33. Nh4 {[%clk 00:14:26]} {[%emt 00:01:36]}
Qd7 {[%clk 00:21:52]} {[%emt 00:02:16]} 34. Nf5 {[%clk 00:13:24]} {[%emt
00:01:35]} Red8 {[%clk 00:18:08]} {[%emt 00:04:13]} 35. Re1 {[%clk 00:11:04]}
{[%emt 00:02:51]} Nh7 {[%clk 00:16:47]} {[%emt 00:01:51]} 36. Qg4 {[%clk
00:09:14]} {[%emt 00:02:20]} Kh8 {[%clk 00:15:11]} {[%emt 00:02:01]} 37. Rbe2
{[%clk 00:03:32]} {[%emt 00:06:18]} Nf6 {[%clk 00:11:29]} {[%emt 00:04:11]} 38.
Qg6 {[%clk 00:03:36]} {[%emt 00:00:26]} Rb7 {[%clk 00:10:09]} {[%emt 00:01:51]}
39. Nxh6 {[%clk 00:02:18]} {[%emt 00:01:47]} gxh6 {[%clk 00:08:59]} {[%emt
00:01:40]} 40. Qxf6+ {[%clk 00:02:38]} {[%emt 00:00:10]} Qg7 {[%clk 00:09:01]}
{[%emt 00:00:22]} 41. Qxd8+ {[%clk 00:02:46]} {[%emt 00:00:28]} 1-0

[Event "DEM U18w 2024"]
[Site "Willingen GER"]
[Date "2024.05.24"]
[Round "8"]
[White "Wimmer, Katharina"]
[Black "Schirmer, Sara"]
[Result "1-0"]
[Termination "normal"]
[Board "10"]
[WhiteElo "1641"]
[BlackElo "1638"]
[WhiteClock "00:24:07"]
[BlackClock "00:04:10"]
[PlyCount "61"]
[WhiteFideId "16265947"]
[BlackFideId "16297580"]
[EventCountry "GER"]
[EventRounds "9"]
[EventType "swiss"]
[EventDate "2024.05.18"]

1. e4 {[%clk 01:30:58]} {[%emt 00:00:02]} c5 {[%clk 01:30:55]} {[%emt
00:00:06]} 2. Nc3 {[%clk 01:31:22]} {[%emt 00:00:06]} d6 {[%clk 01:31:20]}
{[%emt 00:00:05]} 3. f4 {[%clk 01:31:44]} {[%emt 00:00:08]} g6 {[%clk
01:31:44]} {[%emt 00:00:06]} 4. Nf3 {[%clk 01:32:04]} {[%emt 00:00:09]} Bg7
{[%clk 01:32:06]} {[%emt 00:00:08]} 5. Bb5+ {[%clk 01:32:19]} {[%emt 00:00:16]}
Bd7 {[%clk 01:32:28]} {[%emt 00:00:08]} 6. Bxd7+ {[%clk 01:32:42]} {[%emt
00:00:07]} Qxd7 {[%clk 01:32:53]} {[%emt 00:00:05]} 7. O-O {[%clk 01:32:49]}
{[%emt 00:00:23]} Nc6 {[%clk 01:33:17]} {[%emt 00:00:06]} 8. d3 {[%clk
01:33:05]} {[%emt 00:00:13]} f5 {[%clk 01:32:24]} {[%emt 00:01:23]} 9. Qe1
{[%clk 01:28:27]} {[%emt 00:05:07]} O-O-O {[%clk 01:31:27]} {[%emt 00:01:29]}
10. Be3 {[%clk 01:23:40]} {[%emt 00:05:13]} h5 {[%clk 01:26:07]} {[%emt
00:05:53]} 11. Qg3 {[%clk 01:12:52]} {[%emt 00:11:18]} Nh6 {[%clk 01:15:45]}
{[%emt 00:10:53]} 12. h3 {[%clk 01:07:11]} {[%emt 00:06:10]} Rdf8 {[%clk
01:04:24]} {[%emt 00:11:52]} 13. e5 {[%clk 01:02:26]} {[%emt 00:05:15]} b6
{[%clk 00:47:25]} {[%emt 00:17:30]} 14. d4 {[%clk 00:53:40]} {[%emt 00:09:14]}
cxd4 {[%clk 00:46:45]} {[%emt 00:01:10]} 15. Nxd4 {[%clk 00:53:43]} {[%emt
00:00:27]} Nxd4 {[%clk 00:47:04]} {[%emt 00:00:11]} 16. Bxd4 {[%clk 00:54:04]}
{[%emt 00:00:10]} dxe5 {[%clk 00:28:57]} {[%emt 00:18:37]} 17. Bxe5 {[%clk
00:54:21]} {[%emt 00:00:13]} Bxe5 {[%clk 00:29:21]} {[%emt 00:00:06]} 18. fxe5
{[%clk 00:54:45]} {[%emt 00:00:05]} Qd4+ {[%clk 00:29:33]} {[%emt 00:00:18]}
19. Kh1 {[%clk 00:53:37]} {[%emt 00:01:37]} Ng4 {[%clk 00:29:09]} {[%emt
00:00:56]} 20. Rae1 {[%clk 00:45:36]} {[%emt 00:08:28]} h4 {[%clk 00:24:34]}
{[%emt 00:05:07]} 21. Qf4 {[%clk 00:42:41]} {[%emt 00:03:24]} Qxf4 {[%clk
00:23:59]} {[%emt 00:01:07]} 22. Rxf4 {[%clk 00:43:01]} {[%emt 00:00:10]} g5
{[%clk 00:23:39]} {[%emt 00:00:49]} 23. Rc4+ {[%clk 00:42:51]} {[%emt
00:00:40]} Kb7 {[%clk 00:23:34]} {[%emt 00:00:36]} 24. hxg4 {[%clk 00:42:07]}
{[%emt 00:01:13]} fxg4 {[%clk 00:21:58]} {[%emt 00:02:06]} 25. Rxg4 {[%clk
00:40:11]} {[%emt 00:02:27]} Rf2 {[%clk 00:15:12]} {[%emt 00:07:16]} 26. Re2
{[%clk 00:35:42]} {[%emt 00:04:58]} Rf5 {[%clk 00:15:14]} {[%emt 00:00:28]} 27.
Nd5 {[%clk 00:28:22]} {[%emt 00:07:45]} e6 {[%clk 00:14:28]} {[%emt 00:01:22]}
28. Nf6 {[%clk 00:28:08]} {[%emt 00:00:43]} Rd8 {[%clk 00:08:50]} {[%emt
00:06:08]} 29. Ne4 {[%clk 00:23:37]} {[%emt 00:05:02]} Rd5 {[%clk 00:03:54]}
{[%emt 00:05:25]} 30. Nd6+ {[%clk 00:23:49]} {[%emt 00:00:18]} Kc6 {[%clk
00:04:10]} {[%emt 00:00:15]} 31. Nxf5 {[%clk 00:24:07]} {[%emt 00:00:12]} 1-0

[Event "DEM U18w 2024"]
[Site "Willingen GER"]
[Date "2024.05.24"]
[Round "8"]
[White "Modali, Nikhilamrutha"]
[Black "Görlach, Hanna"]
[Result "1-0"]
[Termination "normal"]
[Board "11"]
[WhiteElo "1608"]
[BlackElo "1578"]
[WhiteClock "00:16:54"]
[BlackClock "00:00:59"]
[PlyCount "43"]
[WhiteFideId "16282370"]
[BlackFideId "34675604"]
[EventCountry "GER"]
[EventRounds "9"]
[EventType "swiss"]
[EventDate "2024.05.18"]

1. d4 {[%clk 01:30:57]} {[%emt 00:00:03]} Nf6 {[%clk 01:30:55]} {[%emt
00:00:05]} 2. Nc3 {[%clk 01:31:24]} {[%emt 00:00:03]} g6 {[%clk 01:29:40]}
{[%emt 00:01:45]} 3. e4 {[%clk 01:31:51]} {[%emt 00:00:03]} c5 {[%clk
01:16:52]} {[%emt 00:13:18]} 4. e5 {[%clk 01:25:16]} {[%emt 00:07:05]} cxd4
{[%clk 01:14:08]} {[%emt 00:03:14]} 5. exf6 {[%clk 01:13:10]} {[%emt 00:12:36]}
dxc3 {[%clk 01:14:30]} {[%emt 00:00:08]} 6. bxc3 {[%clk 00:57:59]} {[%emt
00:15:42]} exf6 {[%clk 01:09:40]} {[%emt 00:05:18]} 7. Bb2 {[%clk 00:49:38]}
{[%emt 00:08:52]} Qe7+ {[%clk 01:02:13]} {[%emt 00:07:56]} 8. Be2 {[%clk
00:48:02]} {[%emt 00:02:07]} b6 {[%clk 00:54:17]} {[%emt 00:08:26]} 9. Qd2
{[%clk 00:40:01]} {[%emt 00:08:31]} Ba6 {[%clk 00:47:43]} {[%emt 00:07:04]} 10.
O-O-O {[%clk 00:35:26]} {[%emt 00:05:05]} h5 {[%clk 00:26:16]} {[%emt
00:21:56]} 11. Bxa6 {[%clk 00:31:28]} {[%emt 00:04:29]} Bh6 {[%clk 00:16:35]}
{[%emt 00:10:11]} 12. f4 {[%clk 00:31:01]} {[%emt 00:00:57]} O-O {[%clk
00:09:35]} {[%emt 00:07:29]} 13. Bb7 {[%clk 00:28:07]} {[%emt 00:03:25]} Nc6
{[%clk 00:07:52]} {[%emt 00:02:13]} 14. Bxa8 {[%clk 00:27:01]} {[%emt
00:01:36]} Rxa8 {[%clk 00:08:01]} {[%emt 00:00:21]} 15. g3 {[%clk 00:23:33]}
{[%emt 00:03:58]} Re8 {[%clk 00:06:40]} {[%emt 00:01:51]} 16. Qxd7 {[%clk
00:19:42]} {[%emt 00:04:21]} Qxd7 {[%clk 00:04:48]} {[%emt 00:02:22]} 17. Rxd7
{[%clk 00:20:06]} {[%emt 00:00:06]} g5 {[%clk 00:03:12]} {[%emt 00:02:06]} 18.
Nh3 {[%clk 00:19:33]} {[%emt 00:01:03]} g4 {[%clk 00:01:11]} {[%emt 00:02:30]}
19. Nf2 {[%clk 00:19:37]} {[%emt 00:00:27]} Re2 {[%clk 00:01:18]} {[%emt
00:00:23]} 20. Nd3 {[%clk 00:19:06]} {[%emt 00:01:01]} Kf8 {[%clk 00:00:45]}
{[%emt 00:01:02]} 21. Kd1 {[%clk 00:18:11]} {[%emt 00:01:26]} Re6 {[%clk
00:00:59]} {[%emt 00:00:16]} 22. Nb4 {[%clk 00:16:54]} {[%emt 00:01:46]} 1-0